La France au XVIIe siècle (notice n° 2197540)
[ vue normale ]
| 000 -LEADER | |
|---|---|
| fixed length control field | 01365cam a2200133 4500500 |
| 005 - DATE AND TIME OF LATEST TRANSACTION | |
| control field | 20260405085429.0 |
| 041 ## - LANGUAGE CODE | |
| Language code of text/sound track or separate title | fre |
| 042 ## - AUTHENTICATION CODE | |
| Authentication code | dc |
| 100 10 - MAIN ENTRY--PERSONAL NAME | |
| Personal name | Duccini, Hélène |
| Relator term | author |
| 245 00 - TITLE STATEMENT | |
| Title | La France au XVIIe siècle |
| 260 ## - PUBLICATION, DISTRIBUTION, ETC. | |
| Name of publisher, distributor, etc. | Armand Colin,<br/> |
| Date of publication, distribution, etc. | 2007.<br/> |
| 520 ## - SUMMARY, ETC. | |
| Summary, etc. | Le XVIIe siècle est pour la France un moment d’exceptionnel rayonnement. Des ors de Versailles aux trompettes de Lully, du Cid aux Femmes savantes, le Grand Siècle s’inscrit dans les mémoires. L’avènement progressif de la monarchie « absolue » ne doit pas laisser dans l’ombre les tensions et les conflits, tant politiques que religieux, qui ont marqué le siècle. En Europe, de la restauration de Henri IV à la succession d’Espagne, l’hégémonie des Habsbourg cède peu à peu le pas à celle des Bourbons. Sans oublier ce que les peuples ont enduré de famines et de guerres, ce livre s’attache surtout à mettre en place les grandes articulations d’un récit chronologique qui sert d’armature à toute étude de la France du XVIIe siècle. Des images et des textes offrent une méthode d’analyse des sources, tandis que les nombreuses cartes, la chronologie et la bibliographie donnent des outils pour une recherche plus approfondie. |
| 856 41 - ELECTRONIC LOCATION AND ACCESS | |
| Uniform Resource Identifier | <a href="https://shs.cairn.info/la-france-au-xviie-siecle--9782200353575?lang=fr&redirect-ssocas=7080">https://shs.cairn.info/la-france-au-xviie-siecle--9782200353575?lang=fr&redirect-ssocas=7080</a> |
Pas d'exemplaire disponible.




Réseaux sociaux